000
00279nam a22001337a 4500
008
170224b xxu||||| |||| 00| 0 eng d
020
_a
065000888881
041
_a
eng
080
_a
617
100
_a
5
101
_a
SHK
245
_a
HISTORY SURGERY
_c
HAGER,K
942
_2
udc
_c
BK
999
_c
6203
_d
6203